[Event "Collado Villalba op 39th"]
[Site "Collado Villalba"]
[Date "2022.08.28"]
[Round "9"]
[White "Quispe Arteaga, Gabriel"]
[Black "Serrano Ruiz, Lope"]
[Result "1/2-1/2"]
[WhiteElo "2372"]
[BlackElo "2042"]
[PlyCount "63"]
[EventDate "2022.08.20"]
[EventType "swiss"]
[EventRounds "9"]
[EventCountry "ESP"]
[SourceTitle "EXT 2023"]
[Source "ChessBase"]
[SourceDate "2022.10.05"]
[SourceVersion "1"]
[SourceVersionDate "2022.10.05"]
[SourceQuality "1"]

1. Nf3 d6 2. d4 g6 3. Nc3 Bg7 4. e4 a6 5. a4 Nf6 6. Bg5 Nc6 7. Be2 h6 8. Be3 0-0 9. h3 e5 10. d5 Ne7 11. Qd2 Kh7 12. g4 Nfg8 13. g5 h5 14. a5 b6 15. axb6 cxb6 16. Na4 Rb8 17. Nc3 b5 18. Na2 a5 19. Nc1 a4 20. Nd3 Bd7 21. Nb4 Qa5 22. c3 Nc8 23. Bd3 Nge7 24. Qe2 Nb6 25. Nd2 Rfe8 26. Nb1 Nc4 27. Bc1 Qb6 28. Na3 Na5 29. Be3 Qb7 30. Rd1 Kg8 31. h4 Rec8 32. f3 1/2-1/2

[Event "ESP-ch U18 Rapid"]
[Site "Salobrena"]
[Date "2022.08.07"]
[Round "8"]
[White "Villar Piriz, Adrian"]
[Black "Serrano Ruiz, Lope"]
[Result "1/2-1/2"]
[WhiteElo "1695"]
[BlackElo "1971"]
[PlyCount "139"]
[EventDate "2022.08.06"]
[EventType "swiss (rapid)"]
[EventRounds "9"]
[EventCountry "ESP"]
[SourceTitle "EXT 2023"]
[Source "ChessBase"]
[SourceDate "2022.10.05"]
[SourceVersion "1"]
[SourceVersionDate "2022.10.05"]
[SourceQuality "1"]

1. e4 Nf6 2. e5 Nd5 3. d4 d6 4. Nf3 Nc6 5. c4 Nb6 6. exd6 exd6 7. h3 Be7 8. Bd3 0-0 9. 0-0 Bf6 10. Be3 Nb4 11. Nc3 Nxd3 12. Qxd3 d5 13. c5 Nc4 14. b3 Na5 15. Rfe1 b6 16. b4 Nc4 17. Nd2 Nxd2 18. Bxd2 bxc5 19. bxc5 a5 20. Bf4 Ba6 21. Qe3 Re8 22. Qxe8+ Qxe8 23. Rxe8+ Rxe8 24. Nxd5 Bxd4 25. Rd1 Re4 26. g3 Be2 27. Rd2 Bf3 28. Ne3 c6 29. Nc2 Bf6 30. Rd3 Rc4 31. Na3 Be4 32. Nxc4 Bxd3 33. Nxa5 Bb5 34. Kg2 Kf8 35. Kf3 Ke7 36. Ke4 Ke6 37. Nb3 Bc4 38. Na5 Bxa2 39. Nb7 Bb1+ 40. Ke3 Kd5 41. Bd6 Bd4+ 42. Ke2 f5 43. g4 fxg4 44. hxg4 Bf6 45. Ke3 g6 46. Bf8 h5 47. gxh5 gxh5 48. Kf4 Bc2 49. Nd6 Bd4 50. Nb7 Bd3 51. Kg5 Bxf2 52. Kxh5 Ba6 53. Na5 Be1 54. Nxc6 Kxc6 55. Bd6 Kd5 56. Kg5 Bb4 57. Kf4 Bc8 58. Ke3 Bf5 59. Kf4 Be6 60. Ke3 Ba5 61. Kf4 Bd2+ 62. Kf3 Bf5 63. Ke2 Bg5 64. Kf3 Be4+ 65. Kg4 Be3 66. Kg3 Ke6 67. Kg4 Bd2 68. Kg3 Kf5 69. Kf2 Bf4 70. Bxf4 1/2-1/2

[Event "ESP-ch U18 Rapid"]
[Site "Salobrena"]
[Date "2022.08.06"]
[Round "1"]
[White "Serrano Ruiz, Lope"]
[Black "Vazquez Velasco, Adrian"]
[Result "1-0"]
[WhiteElo "1971"]
[BlackElo "1511"]
[PlyCount "147"]
[EventDate "2022.08.06"]
[EventType "swiss (rapid)"]
[EventRounds "9"]
[EventCountry "ESP"]
[SourceTitle "EXT 2023"]
[Source "ChessBase"]
[SourceDate "2022.10.05"]
[SourceVersion "1"]
[SourceVersionDate "2022.10.05"]
[SourceQuality "1"]

1. e4 e6 2. d4 a6 3. Nc3 b5 4. Bd3 Bb7 5. a4 Nf6 6. axb5 axb5 7. Rxa8 Bxa8 8. Bg5 b4 9. Nce2 Be7 10. Bxf6 Bxf6 11. f4 d6 12. Nf3 0-0 13. 0-0 Nd7 14. c3 bxc3 15. bxc3 c5 16. Qd2 Qc7 17. Kh1 cxd4 18. cxd4 Rc8 19. Rc1 Qb8 20. Rc3 Bb7 21. Qc2 Rxc3 22. Qxc3 Qa8 23. Qc7 Nf8 24. Qc2 Nd7 25. h3 Bd8 26. Kh2 Nf6 27. Ng3 Qc8 28. Qb1 Ba6 29. Bxa6 Qxa6 30. Qb8 Qb6 31. Qa8 Qa5 32. Qc6 Qc7 33. Qa4 Qa5 34. Qc2 Be7 35. e5 dxe5 36. dxe5 Nd5 37. Ne2 Qc5 38. Qxc5 Bxc5 39. Kg3 Be3 40. Ng5 h6 41. Ne4 Kh7 42. Kf3 Ba7 43. g4 Ne7 44. N4g3 g6 45. Ke4 Kg7 46. Nc3 f5+ 47. exf6+ Kxf6 48. Nge2 Bb8 49. h4 g5 50. fxg5+ hxg5 51. h5 Ng8 52. Nb1 Nh6 53. Kf3 e5 54. Nd2 Bd6 55. Ne4+ Ke6 56. Nxg5+ Ke7 57. Ne4 Bb4 58. N2g3 Nxg4 59. Kxg4 Ba3 60. Kf5 Bc1 61. Ng5 e4 62. N3xe4 Kf8 63. Kg6 Kg8 64. Nf6+ Kf8 65. h6 Bxg5 66. Kxg5 Kf7 67. Kf5 Kf8 68. Kg6 Ke7 69. h7 Kd6 70. h8Q Kc7 71. Nd5+ Kb7 72. Qf6 Ka7 73. Qb6+ Ka8 74. Nc7# 1-0

[Event "ESP-ch U16"]
[Site "Salobrena"]
[Date "2021.07.20"]
[Round "3"]
[White "Villar Piriz, Adrian"]
[Black "Serrano Ruiz, Lope"]
[Result "1-0"]
[WhiteElo "1823"]
[BlackElo "2024"]
[PlyCount "113"]
[EventDate "2021.07.19"]
[EventType "swiss"]
[EventRounds "9"]
[EventCountry "ESP"]
[SourceTitle "EXT 2022"]
[Source "ChessBase"]
[SourceDate "2021.10.06"]
[SourceVersion "1"]
[SourceVersionDate "2021.10.06"]
[SourceQuality "1"]

1. e4 e5 2. Nf3 Nc6 3. Bb5 f5 4. d3 Nf6 5. 0-0 d6 6. Re1 fxe4 7. dxe4 Bg4 8. h3 Bh5 9. Bg5 Be7 10. Bc4 Qd7 11. Nbd2 h6 12. Bxf6 Bxf6 13. Nxe5 Bxd1 14. Nxd7 Bxb2 15. Raxd1 Kxd7 16. Nf3 Ne5 17. Nxe5+ Bxe5 18. Rb1 Rab8 19. g3 g5 20. Kg2 Rhf8 21. Be2 c6 22. Rh1 Rf6 23. h4 gxh4 24. Rxh4 b5 25. f4 Bc3 26. Rbh1 Rh8 27. Kf3 Bd4 28. g4 Be5 29. f5 d5 30. exd5 cxd5 31. Bxb5+ Kd8 32. Bd3 Rb6 33. g5 Rg8 34. gxh6 Rg3+ 35. Kf2 Rb2 36. R1h3 Rg8 37. h7 Rh8 38. Rg4 Ke7 39. Re3 Kf7 40. Rxe5 Rxh7 41. Rxd5 Rh3 42. Rg3 Rxg3 43. Kxg3 Rxa2 44. Kf4 Kf6 45. Rd6+ Ke7 46. Ra6 Rb2 47. Rxa7+ Kf6 48. Ra6+ Ke7 49. Ke5 Rb1 50. Ra7+ Kf8 51. Kf6 Rb6+ 52. Ke5 Rb1 53. Ra6 Re1+ 54. Kf6 Re8 55. Kg6 Kg8 56. f6 Kf8 57. Ra1 1-0

[Event "Madrid-ch U16"]
[Site "Madrid"]
[Date "2021.04.24"]
[Round "4"]
[White "Serrano Ruiz, Lope"]
[Black "Ruiz Buendia, Miguel"]
[Result "0-1"]
[WhiteElo "2004"]
[BlackElo "2068"]
[PlyCount "114"]
[EventDate "2021.04.17"]
[EventType "swiss"]
[EventRounds "5"]
[EventCountry "ESP"]
[SourceTitle "EXT 2023"]
[Source "ChessBase"]
[SourceDate "2022.10.05"]
[SourceVersion "1"]
[SourceVersionDate "2022.10.05"]
[SourceQuality "1"]

1. e4 c5 2. b4 cxb4 3. a3 d5 4. exd5 Qxd5 5. Nf3 e6 6. Bb2 Nf6 7. Bd3 Nc6 8. 0-0 Be7 9. Re1 0-0 10. axb4 Nxb4 11. Nc3 Qd8 12. Bf1 Bd7 13. Ne5 Qc7 14. Nd3 Rfd8 15. Nxb4 Bxb4 16. Ne4 Nxe4 17. Rxe4 Bf8 18. Rh4 Be7 19. Rc4 Bc6 20. Qg4 g6 21. Qh3 Rd5 22. Qc3 e5 23. Re1 Bf6 24. Rce4 Rad8 25. Bc4 Rd4 26. Qf3 Rxe4 27. Rxe4 Bg7 28. d3 Bxe4 29. Qxe4 Qb6 30. Bb3 Qc6 31. Qb4 b5 32. Qe7 Rf8 33. Qxa7 Qd6 34. Qb7 b4 35. g3 Kh8 36. Kg2 f6 37. h4 Bh6 38. Qe4 Bd2 39. d4 Bc3 40. Bxc3 bxc3 41. dxe5 fxe5 42. Qe3 Qd4 43. Qxd4 exd4 44. Bc4 Re8 45. Kf3 Re1 46. Be2 Kg7 47. g4 Kf6 48. Bd3 Ke5 49. g5 Rb1 50. Kg3 Rd1 51. Bb5 d3 52. f4+ Kd6 53. Ba4 d2 54. h5 Rg1+ 55. Kf2 d1Q 56. hxg6 Qe1+ 57. Kf3 Rg3# 0-1

[Event "Madrid San Viator op-B 29th"]
[Site "Madrid"]
[Date "2017.10.01"]
[Round "3"]
[White "Climent Castillo, Daniel"]
[Black "Serrano Ruiz, Lope"]
[Result "1/2-1/2"]
[WhiteElo "1237"]
[BlackElo "1521"]
[PlyCount "42"]
[EventDate "2017.09.17"]
[EventType "swiss"]
[EventRounds "9"]
[EventCountry "ESP"]
[SourceTitle "EXT 2019"]
[Source "ChessBase"]
[SourceDate "2018.10.10"]
[SourceVersion "1"]
[SourceVersionDate "2018.10.10"]
[SourceQuality "1"]

1. d4 d5 2. Nf3 Nc6 3. c3 Nf6 4. g3 Bg4 5. Bg2 h5 6. Nbd2 e6 7. 0-0 Qd6 8. Re1 0-0-0 9. e4 Nxe4 10. Nxe4 dxe4 11. Rxe4 f5 12. Re1 g6 13. h3 Bxf3 14. Qxf3 Bh6 15. Bxh6 Rxh6 16. Qe3 g5 17. Qxg5 Rdh8 18. Qf4 Qxf4 19. gxf4 Na5 20. b3 Rg6 21. Kh2 h4 1/2-1/2

[Event "Madrid San Viator op-B 29th"]
[Site "Madrid"]
[Date "2017.09.24"]
[Round "2"]
[White "Serrano Ruiz, Lope"]
[Black "Moreno Gallardo, Sergio"]
[Result "1-0"]
[WhiteElo "1521"]
[BlackElo "1106"]
[PlyCount "61"]
[EventDate "2017.09.17"]
[EventType "swiss"]
[EventRounds "9"]
[EventCountry "ESP"]
[SourceTitle "EXT 2019"]
[Source "ChessBase"]
[SourceDate "2018.10.10"]
[SourceVersion "1"]
[SourceVersionDate "2018.10.10"]
[SourceQuality "1"]

1. e4 e5 2. Nf3 Nc6 3. Bb5 Bc5 4. Nxe5 Bxf2+ 5. Kxf2 Qf6+ 6. Nf3 Nd4 7. Be2 d6 8. c3 Nxe2 9. Qxe2 Bd7 10. d4 0-0-0 11. Bg5 Qe6 12. Bxd8 Kxd8 13. Rf1 Nf6 14. Nbd2 Re8 15. Ng5 Ng4+ 16. Kg1 Re7 17. Nxe6+ Bxe6 18. h3 Nf6 19. Rxf6 gxf6 20. Qh5 Re8 21. d5 Bd7 22. Qxf7 Kc8 23. Rf1 b6 24. Rxf6 Kd8 25. Qxh7 a6 26. h4 Kc8 27. Rf7 Rd8 28. Nb3 a5 29. Nd4 Kb7 30. Rxd7 Rxd7 31. Qxd7 1-0